000 00465nam a2200193Ia 4500
008 210210b1998 xxu||||| |||| 00| 0 eng d
041 _aeng
082 _a824 COMP
100 _aCOMPETITION SUCCESS review
245 _aPrize winning essays (senior)
260 _aND
_bSudha Publications Pvt. Ltd.
_c1998
300 _a159
650 _awinning
650 _aPrize
650 _aessays
650 _a(senior)
690 _aEnglish Prose
906 _a052809
999 _c133389
_d133389